Normal view
MARC view
Entry Personal Name
001 - CONTROL NUMBER
- control field: 69480
003 - CONTROL NUMBER IDENTIFIER
- control field: OSt
005 - DATE AND TIME OF LATEST TRANSACTION
- control field: 20230119161537.0
008 - FIXED-LENGTH DATA ELEMENTS
- fixed length control field: 230119|| aca||aabn | a|a d
040 ## - CATALOGING SOURCE
- Original cataloging agency: OSt
- Transcribing agency: OSt
100 ## - HEADING--PERSONAL NAME
- Personal name: SAGAR (S L): सागर (एस एल)
670 ## - SOURCE DATA FOUND
- Source citation: Work cat.: (OSt): S L Sagar: एस एल सागर 69477, Dravid aur dravid sthan:द्रविड़ और द्रविड़ स्थान , 1994